Central Library OPAC University of Rajshahi

صندلى کنار ميز ;'; Ṣandalī kanār-i mīz / (Record no. 78772)

MARC details
000 -LEADER
fixed length control field 01209cam a22003377i 4500
001 - CONTROL NUMBER
control field 78772
003 - CONTROL NUMBER IDENTIFIER
rucl marc code BD-RjUL
005 - DATE AND TIME OF LATEST TRANSACTION
control field 20211209083154.0
008 - FIXED-LENGTH DATA ELEMENTS--GENERAL INFORMATION
fixed length control field 130327s2002 ir 000 1 per
020 ## - INTERNATIONAL STANDARD BOOK NUMBER
International Standard Book Number 9645722381
035 ## - SYSTEM CONTROL NUMBER
System control number (BD-RjUL)
037 ## - SOURCE OF ACQUISITION
Source of stock number/acquisition Library of Congress -- Islamabad Overseas Office
040 ## - CATALOGING SOURCE
Original cataloging agency DLC
Language of cataloging eng
Transcribing agency DLC
Modifying agency DLC
Description conventions rda
041 ## - LANGUAGE CODE
Language code of text/sound track or separate title eng
100 1# - MAIN ENTRY--PERSONAL NAME
Personal name داور، ميترا.;; Dāvar, Mītrā,
Dates associated with a name 1965 or 1966-
Relator term author.
9 (RLIN) 249938
245 10 - TITLE STATEMENT
Title صندلى کنار ميز ;'; Ṣandalī kanār-i mīz /
Statement of responsibility, etc. ميترا داور.;; Mītrā Dāvar.
246 3# - VARYING FORM OF TITLE
Title proper/short title .Ṣandalī kinār-i mīz
250 ## - EDITION STATEMENT
Edition statement چاپ اول.;; Chāp-i avval.
264 #1 - PRODUCTION, PUBLICATION, DISTRIBUTION, MANUFACTURE, AND COPYRIGHT NOTICE
Place of production, publication, distribution, manufacture Tihrān :تهران :‏ :
Name of producer, publisher, distributor, manufacturer Nashr-i Pāzīnah,
Date of production, publication, distribution, manufacture, or copyright notice 2006
300 ## - PHYSICAL DESCRIPTION
Pagination 116 pages ;
Size 22 cm.
336 ## - CONTENT TYPE
Content type term text
Source rdacontent
337 ## - MEDIA TYPE
Media type term unmediated
Source rdamedia
338 ## - CARRIER TYPE
Carrier type term volume
Source rdacarrier
490 0# - SERIES STATEMENT
Series statement Majmūʻah-i adabīyāt-i dāstānī ;
Volume/sequential designation 3
500 ## - GENERAL NOTE
General note Short stories.
650 ## - SUBJECT ADDED ENTRY--TOPICAL TERM
Form subdivision داستان هاي كوتاه فارسي
9 (RLIN) 249939
830 ## - SERIES ADDED ENTRY--UNIFORM TITLE
Uniform title Majmūʻah-i adabīyāt-i dāstānī, ‏مجموعه ادبيات داستانى ؛‏
Volume number/sequential designation 3
942 ## - ADDED ENTRY ELEMENTS (KOHA)
Source of classification or shelving scheme Dewey Decimal Classification
Koha item type Books
Holdings
Lost status Source of classification or shelving scheme Damaged status Not for loan Collection code Permanent Location Current Location Shelving location Date acquired Source of acquisition Total Checkouts Full call number Date last seen Copy number Koha item type
  Dewey Decimal Classification   Not For Loan Non-fiction Central Library, University of Rajshahi Central Library, University of Rajshahi Reading Room 11/08/2007 Irani Embassy , Dhaka   F 891.55 DAS 2006 14/11/2021 C-1 Books